Responses for show #5361 - Monday, December 24, 2007

Cora Peck game 4.

Contestants

Carolyn Weddell, a corporate librarian from New York, New York

Stewart Myrent, a pre-need funeral counselor from Chicago, Illinois

Cora Peck, a teacher and graduate student from Aliso Viejo, California (whose 3-day cash winnings total $78,801)

Jeopardy! Round responses

PRESIDENTIAL CREATIONS
CLASSIC TV TOONS
EUROPEAN PARLIAMENT MEMBERS
HERSHEY'S
LITERARY PETS
LET'S "ROCK"!
    $200 12
Kennedy

Cora
    $200 3
Casper

Cora
    $200 1
Ireland

Carolyn
    $200 6
caramels

Cora
    $200 30
the hound of the Baskervilles

Stewart
    $200 16
(John D.) Rockefeller

Cora
    $400 13
military veterans

Cora
    $400 8
Yogi Bear

Cora
    $400 2
Greece

Stewart
    $400 22
a Kit Kat

Cora
    $400 29
a deer

Cora
    $400 18
the Houston Rockets

Stewart
    $600 14
Harding

Cora
    $600 9
Bullwinkle

Carolyn
    $600 4
Sweden

Cora
    $600 23
Hershey's Syrup

Stewart
    $600 28
Hedwig

Triple Stumper
    $600 19
rockabilly

Cora
    $800 15
a Great Society

Stewart
    $800 10
(Carolyn: What is... Tobor, the 8th Man?)

The Jetsons

Carolyn
    $800 5
Italy

Stewart
    $800 24
rations

Carolyn
    $800 26
(Cora: What is Deuteronomy?)
(Alex: Be more specific.)
(Cora: [Shakes head])
(Alex: Stewart or Carolyn?)
(Carolyn: Deuteronomy the cat?)
(Alex: No. Carolyn says, "Deuteronomy the cat." She, too, is incorrect. The name is [*]. That's T.S. Eliot's cat.)

Old Deuteronomy

CoraCarolyn
Triple Stumper
    $800 20
rock salt

Stewart
    $1000 17
Nixon

Cora
    $1000 11
Captain Kangaroo

Carolyn
    $1000 7
Hungary

Triple Stumper
    $1000 25
(Alex: Supplied [*]. [*] for your skin.)

cocoa butter

Triple Stumper
    $1000 27
Heidi

Carolyn
    $1000 21
(Cora: What is Rockford?)
(Carolyn: What is--what is Rockport?)

Rock Island

CoraCarolyn
Triple Stumper

Scores at the first commercial break (after clue 15):

Cora Stewart Carolyn
$2,600 $2,000 $1,000

Scores at the end of the Jeopardy! Round:

Cora Stewart Carolyn
$3,400 $4,000 $1,000

Double Jeopardy! Round responses

MYTHOLOGY & ART
CHRISTMAS MOVIES
STATE YOUR CASE
COMMON BONDS
BATTLES THAT CHANGED HISTORY
"U"TOPIA
    $400 1
Neptune

Carolyn
    $400 4
Scrooge

Cora
    $400 14
Connecticut

Stewart
    $400 21
bees

Cora
    $400 9
Attila

Stewart
    $400 26
underwater swimming

Cora
    $2,000 2
the Muses

Carolyn
    $800 5
Miracle on 34th Street

Cora
    $800 15
Maine

Stewart
    $800 22
horns

Cora
    $800 10
the Rhine

Cora
    $800 27
Ukraine

Cora
    $1200 3
Copenhagen

Cora
    $1200 6
Holiday Inn

Stewart
    $1200 16
Indiana

Stewart
    $1200 23
(Stewart: Who are... marshals?)

John Wayne characters

CoraStewart
    $2,000 11
(Alex: Very bloody battle.)

Bonnie Prince Charlie

Cora
    $1200 28
utility

Stewart
    $1600 19
Hermes

Carolyn
    $1600 7
The Santa Clause 2

Carolyn
    $1600 17
Delaware

Cora
    $1600 24
rumbles

Carolyn
    $1600 12
Harold

Carolyn
    $1600 29
upland

Stewart
    $2000 20
Cupid

Carolyn
    $2000 8
Christmas with the Kranks

Cora
    $2000 18
(Cora: What is Wyoming?)

Montana

Cora
Triple Stumper
    $2000 25
things with panels

Triple Stumper
    $2000 13
Charles Martel

Cora
    $2000 30
the undercard

Stewart

Scores at the end of the Double Jeopardy! Round:

Cora Stewart Carolyn
$15,800 $11,600 $11,800

[wagering suggestions for these scores]

Final Jeopardy! Round responses

SPACE MEN
(Alex: Also one of our very first astronauts.)
StewartWho is Neil Armstrong
$11,599
CarolynWho is Glenn?
$11,800
CoraWho is Shepard?
$7,801
Alan Shepard

Final scores:

Cora Stewart Carolyn
$23,601 $1 $0
4-day champion: $102,402 2nd place: $2,000 3rd place: $1,000

Game dynamics:

Coryat scores:

Cora Stewart Carolyn
$15,000 $11,600 $11,400
25 R
(including 1 DD),
3 W
15 R,
1 W
12 R
(including 1 DD),
3 W
(including 1 DD)

Combined Coryat: $38,000

The J! Archive is created by fans, for fans. The Jeopardy! game show and all elements thereof, including but not limited to copyright and trademark thereto, are the property of Jeopardy Productions, Inc. and are protected under law. This website is not affiliated with, sponsored by, or operated by Jeopardy Productions, Inc. Join the discussion at JBoard.tv.